000 01008nam a22002177a 4500
005 20240108150254.0
008 240108b ||||| |||| 00| 0 eng d
020 _a9780071139298
040 _cAL
041 _aeng
082 _223
_a551.9
_bKRAI
100 _aKonrad B Krauskopf
_9147701
245 _aIntroduction to Geochemistry
250 _a3rd ed.
260 _aNew York
_bMcGraw Hill, Inc.
_c1995
300 _axix,647p.
_bPB
_c22.3x15cm.
520 _aReflecting rapid changes in our knowledge of the earth's chemistry, this revision is more quantitative, gives more attention to environmental issues, and places greater emphasis on the application of geochemistry to geological problems than its predecessor. Using examples from actual field and laboratory studies, the authors give students a feeling for the application of geochemistry for many kinds of earth-science inquiry.
650 _2Geology
_aAgents of geologic work
_9147702
700 _aBird, Dennis K
_9147703
942 _2ddc
_cBK
999 _c229601
_d229601